000 00785cam a2200157 4500500
005 20260322004120.0
041 _afre
042 _adc
100 1 0 _aSalin, Dominique
_eauthor
245 0 0 _aPages de début
260 _c2025.
500 _a83
520 _aRésuméSi, depuis le Nouveau Roman, la modernité semble avoir privé le roman de sa vocation narrative, le Policier, tout au contraire, assume pleinement cette fonction fondamentale de la littérature. Les auteurs de Policiers paraissent, de nos jours, être les seuls à savoir encore ce que raconter une histoire veut dire.
786 0 _nL'Europe en Formation | 400 | 1 | 2025-02-26 | p. I-3 | 0014-2808
856 4 1 _uhttps://shs.cairn.info/revue-l-europe-en-formation-2025-1-page-I?lang=fr&redirect-ssocas=7080
999 _c1737517
_d1737517